Introduction to engineering design & problem solving / (Record no. 527925)

000 -LEADER
fixed length control field 01563cam a2200373 a 4500
001 - CONTROL NUMBER
control field 12411730
003 - CONTROL NUMBER IDENTIFIER
control field NUST
005 - DATE AND TIME OF LATEST TRANSACTION
control field 20190822081115.0
008 - FIXED-LENGTH DATA ELEMENTS--GENERAL INFORMATION
fixed length control field 010517s2002 maua 001 0 eng
010 ## - LIBRARY OF CONGRESS CONTROL NUMBER
LC control number 2001026615
020 ## - INTERNATIONAL STANDARD BOOK NUMBER
International Standard Book Number 0072402210
038 ## - RECORD CONTENT LICENSOR
Staff Name waseem
040 ## - CATALOGING SOURCE
Original cataloging agency DLC
Transcribing agency DLC
Modifying agency DLC
050 00 - LIBRARY OF CONGRESS CALL NUMBER
Classification number TA330
Item number .I64 2002
082 00 - DEWEY DECIMAL CLASSIFICATION NUMBER
Classification number 620.0042
Author Mark EID
245 00 - TITLE STATEMENT
Title Introduction to engineering design & problem solving /
Statement of responsibility, etc. Arvid R. Eide ... [et al.].
246 3# - VARYING FORM OF TITLE
Title proper/short title Introduction to engineering design and problem solving
250 ## - EDITION STATEMENT
Edition statement 2nd ed.
260 ## - PUBLICATION, DISTRIBUTION, ETC.
Place of publication, distribution, etc. Boston :
Name of publisher, distributor, etc. McGraw-Hill,
Date of publication, distribution, etc. c2002.
300 ## - PHYSICAL DESCRIPTION
Extent x, 230 p. :
Other physical details ill. ;
Dimensions 24 cm.
440 #0 - SERIES STATEMENT/ADDED ENTRY--TITLE
Title McGraw-Hill's BEST--basic engineering series and tools
9 (RLIN) 19437
500 ## - GENERAL NOTE
General note Revised ed. of: Introduction to engineering design, c1998, and Introduction to engineering problem solving, c1998.
500 ## - GENERAL NOTE
General note Includes index.
650 #0 - SUBJECT ADDED ENTRY--TOPICAL TERM
Topical term or geographic name entry element Engineering mathematics.
9 (RLIN) 2310
650 #0 - SUBJECT ADDED ENTRY--TOPICAL TERM
Topical term or geographic name entry element Engineering design.
9 (RLIN) 19438
700 1# - ADDED ENTRY--PERSONAL NAME
Personal name Eide, Arvid R.
9 (RLIN) 19439
740 0# - ADDED ENTRY--UNCONTROLLED RELATED/ANALYTICAL TITLE
Uncontrolled related/analytical title Introduction to engineering design.
740 0# - ADDED ENTRY--UNCONTROLLED RELATED/ANALYTICAL TITLE
Uncontrolled related/analytical title Introduction to engineering problem solving.
856 42 - ELECTRONIC LOCATION AND ACCESS
Materials specified Publisher description
Uniform Resource Identifier <a href="http://www.loc.gov/catdir/description/mh021/2001026615.html">http://www.loc.gov/catdir/description/mh021/2001026615.html</a>
856 41 - ELECTRONIC LOCATION AND ACCESS
Materials specified Table of contents
Uniform Resource Identifier <a href="http://www.loc.gov/catdir/toc/mh021/2001026615.html">http://www.loc.gov/catdir/toc/mh021/2001026615.html</a>
906 ## - LOCAL DATA ELEMENT F, LDF (RLIN)
a 7
b cbc
c orignew
d 1
e ocip
f 20
g y-gencatlg
942 ## - ADDED ENTRY ELEMENTS (KOHA)
Source of classification or shelving scheme
Koha item type Book
Holdings
Withdrawn status Lost status Source of classification or shelving scheme Damaged status Not for loan Permanent Location Current Location Date acquired Total Checkouts Full call number Barcode Date last seen Price effective from Koha item type
          Central Library (CL) Central Library (CL) 08/22/2019   620.0042 EID CL-D-501 11/13/2020 08/22/2019 Book
© 2023 Central Library, National University of Sciences and Technology. All Rights Reserved.